000 08769nam a22007337a 4500
005 20090520141838.0
008 081128t xxu||||| |||| 00| 0 eng d
010 _aENG-93623
020 _a9788125931225
_c395.00
035 _aEN-77156
035 _aB-361979-362016
037 _bDBAD / PUB
037 _bVikas Pub. House
040 _adpl
_bEnglish
082 _a000
110 _aCareer Launcher
245 _aMBA entrances guide :
_cby Career Launcher
_bfor CAT/ XAT/ MAT/ JMET/ MCET all state entrance tests /
250 _a5th ed
260 _aNew Delhi
_bVikas Publishing House
_c2009
270 _a576, Masjid Road, Jangpura,
_bNew Delhi
_e110014
300 _aVarious pagings
_c24cm(pbk)
_eCD-ROM
650 _aMaster in Business Administration
_xExaminations, questions, etc.
942 _2ddc
_cEN
_mMBA
_h000
999 _c26627
_d26627